UNHEALTHY - Anne-Marie ft. Shania Twain (All Lyrics) - Statistics

General Stats
  • This quiz has been taken 78 times
  • The average score is 185 of 258
Answer Stats
Lyrics % Correct
I
100%
a
98%
then
98%
Even
95%
even
95%
if
93%
is
93%
love
93%
my
93%
your
93%
hand.
90%
it
90%
It
90%
than
90%
don't
88%
had
88%
in
88%
the
88%
unhealthy,
88%
Well,
88%
give
85%
give.
85%
me.
85%
me,
85%
me
85%
to
85%
worse.
85%
Worse
85%
cigarettes.
83%
And
80%
twenty
80%
damn.
78%
go
78%
he
78%
it's
78%
It's
78%
just
78%
kills
78%
Oh,
78%
that
78%
hands.
76%
know
76%
More
76%
say
76%
touch,
76%
when
76%
always
73%
away.
73%
But
73%
but
73%
how.
73%
hurts.
73%
I'll
73%
mother
73%
No,
73%
says
73%
understand.
73%
run
71%
should
71%
take
71%
they
71%
you're
71%
You're
71%
be
68%
hangovers.
68%
man.
68%
'Cause
66%
father
66%
can.
63%
for
63%
hold
63%
bad
61%
same
61%
she
61%
stop
61%
try
61%
babe,
59%
sister
59%
still
59%
Still
59%
gon'
56%
never
56%
now.
56%
regret.
56%
bottle
51%
felt
51%
Guess
51%
on
51%
right
51%
nobody
49%
wide.
49%
we're
46%
high
44%
body
41%
nights.
39%
Oh,
39%
sleepless
39%
this
39%
as
37%
friends,
37%
million
37%
gives
34%
times
32%
eyes,
29%
like
29%
red
29%
twice
29%
All
27%
could
27%
look
24%
any
22%
bliss.
22%
drug
20%
might
20%
pain,
20%
what
17%
No matching quizzes found
Score Distribution
Percent of People with Each Score
Percentile by Number Answered
Your Score History
You have not taken this quiz